000 00360nam a22001577a 4500
003 MPLRDC
005 20220104113930.0
008 210129b ||||| |||| 00| 0 eng d
082 _a848.2 ZXG v.12 c.4*
100 _a张系国著
245 _a橡皮灵魂
_c
260 _a
_b蓝天书屋
_c
300 _b
650 _a
942 _cBK
_o848.2 ZXG v.12 c.4*
999 _c3485
_d3475